Handbook of applied mathematics for engineers and scientists / (Record no. 181108)
[ view plain ]
| 000 -LEADER | |
|---|---|
| fixed length control field | 01220 a2200217 4500 |
| 003 - CONTROL NUMBER IDENTIFIER | |
| control field | Nust |
| 005 - DATE AND TIME OF LATEST TRANSACTION | |
| control field | 20221122131548.0 |
| 010 ## - LIBRARY OF CONGRESS CONTROL NUMBER | |
| LC control number | 91000711 |
| 020 ## - INTERNATIONAL STANDARD BOOK NUMBER | |
| International Standard Book Number | 0070356858 |
| 040 ## - CATALOGING SOURCE | |
| Transcribing agency | Nust |
| 082 00 - DEWEY DECIMAL CLASSIFICATION NUMBER | |
| Classification number | 519,KUR |
| 100 1# - MAIN ENTRY--PERSONAL NAME | |
| Personal name | Kurtz, Max, |
| 9 (RLIN) | 103349 |
| 245 10 - TITLE STATEMENT | |
| Title | Handbook of applied mathematics for engineers and scientists / |
| Statement of responsibility, etc. | Max Kurtz. |
| 260 ## - PUBLICATION, DISTRIBUTION, ETC. | |
| Place of publication, distribution, etc. | New York : |
| Name of publisher, distributor, etc. | McGraw-Hill, |
| Date of publication, distribution, etc. | c1991. |
| 300 ## - PHYSICAL DESCRIPTION | |
| Extent | 1 v. (various pagings) : |
| Other physical details | ill. ; |
| Dimensions | 24 cm. |
| 505 ## - FORMATTED CONTENTS NOTE | |
| Formatted contents note | 1.Algebra (Page-1.1), 2. Plane and spherical trignometry (Page-2.1), 3. Plane and solid analytic geometry (Page-3.1), 4. Permutations and combinations (Page-4.1), 5. Matrix algebra (Page-5.1), 6. Boolean algebra (Page-6.1), 7. Transformation of space in computer graphics (Page-7.1), 8. Basic statistics (Page-8.1), 9. Probability (Page-9.1), 10. Statistical interference and regression analysis (Page-10.1), 11. Introduction to cybernetics (Page-11.1), 12. Calculus (Page-12.1). |
| 650 #0 - SUBJECT ADDED ENTRY--TOPICAL TERM | |
| Topical term or geographic name entry element | Engineering mathematics |
| General subdivision | Handbooks, manuals, etc. |
| 9 (RLIN) | 3086 |
| 856 42 - ELECTRONIC LOCATION AND ACCESS | |
| Materials specified | Publisher description |
| Uniform Resource Identifier | <a href="http://www.loc.gov/catdir/description/mh022/91000711.html">http://www.loc.gov/catdir/description/mh022/91000711.html</a> |
| 856 42 - ELECTRONIC LOCATION AND ACCESS | |
| Materials specified | Table of contents |
| Uniform Resource Identifier | <a href="http://www.loc.gov/catdir/toc/mh021/91000711.html">http://www.loc.gov/catdir/toc/mh021/91000711.html</a> |
| 942 ## - ADDED ENTRY ELEMENTS (KOHA) | |
| Source of classification or shelving scheme | |
| Koha item type | Book |
| Call number prefix | 519,KUR |
| Withdrawn status | Lost status | Source of classification or shelving scheme | Damaged status | Not for loan | Permanent Location | Current Location | Shelving location | Date acquired | Full call number | Barcode | Date last seen | Price effective from | Koha item type | Public note |
|---|---|---|---|---|---|---|---|---|---|---|---|---|---|---|
| Military College of Signals (MCS) | Military College of Signals (MCS) | General Stacks | 12/12/2016 | 519,KUR | MCS22649 | 12/08/2016 | 12/12/2016 | Book | Almirah No.14, Shelf No.1 | |||||
| Military College of Signals (MCS) | Military College of Signals (MCS) | General Stacks | 12/12/2016 | 519,KUR | MCS27510 | 12/08/2016 | 12/12/2016 | Book | Almirah No.77, Shelf No.1 |
